Lenguaje, derecho y significados sociales (Registro nro. 21699)

Detalles MARC
000 -LEADER
fixed length control field 00320 a2200109 4500
001 - CONTROL NUMBER
control field ART_41780
005 - DATE AND TIME OF LATEST TRANSACTION
control field 20260410161814.0
008 - FIXED-LENGTH DATA ELEMENTS--GENERAL INFORMATION
fixed length control field 260409a
100 1# - MAIN ENTRY--PERSONAL NAME
Personal name Mertz, Elizabeth
245 10 - TITLE STATEMENT
Title Lenguaje, derecho y significados sociales
773 0# - HOST ITEM ENTRY
Title Academia
Related parts - Año 13, Nº 26 (jul./dic. 2015)
Record control number REV4314

No hay ítems disponibles.